000 01159cab a2200241 4500
001 Z3869
008 090401t1993 xxu||||| |||| 00| 0 eng d
035 _a(Sirsi) u55716
041 _aeng
245 _aSeven Seas Properties Ltd v Al-Essa and another (No 2)
260 _c1993
350 _a0
490 _aWeekly Law Reports
_v(1993) 1 WLR 1083-1090(8)
520 _aChD 26 November 1992. S agreed to purchase a leasehold property from A and entered a subcontract to simultaneously sell it to a third party. A, on discovering this arrangement, refused to complete, and a chain of notices, claims and counter-claims ensued between the three parties involved. S took action to recover losses arising from the secondary sale`s abandonment` caused by A`s alleged breach of contract. As there had been no notice of S`s intentions, or circumstances pointing clearly to a subcontract, the claim for damages failed.
650 _aBREACH OF CONTRACT
650 _aCOMPLETION
650 _aDEDUCTION
650 _aPRIOR KNOWLEDGE
650 _aVENDOR AND PURCHASER
690 _aPROPERTY LAW AND PRACTICE-CASE LAW
942 _n0
948 _c04/03/1997
999 _c34062
_d34062